000 00507nam a2200181 a 4500
005 20140412111313.0
008 001220s19uu xx 00 eng d
020 _a0-7214-1978-X
050 _aER
_bHe34 1998
245 _aHeidi /
_cillustrated by Anna C. Leplar.
260 _aLeicestershire, UK :
_bLadybird Books Ltd,
_c1998.
300 _a1 v. (unp.) ; ill.
440 _aRead It Yourself, Level 4
650 _aChildren's stories
_xFiction
999 _c104128
_d104128